| 000 | 00599nam a22001935i 4500 | ||
|---|---|---|---|
| 001 | 161003 | ||
| 003 | ES-MaACL | ||
| 005 | 20250930063140.0 | ||
| 008 | 971202s1893 sp |||| | spa d | ||
| 040 |
_aNA _bspa _cNA |
||
| 100 | 1 |
_aOlóriz, Hermilio de, _d1854-1919 _9130650 |
|
| 245 | 1 | 0 |
_aLaureles y siemprevivas / _cpor Hermilio de Olóriz. |
| 260 |
_aPamplona : _b[s.n.], _c1893 ( _fImprenta Provincial) |
||
| 300 |
_a230 p. ; _c23 cm. |
||
| 510 | 4 |
_aPérez Goyena, _c7337 |
|
| 510 | 4 |
_aPalau, _c201165 |
|
| 852 |
_aES-MaACL _jG-12507 _z-- Enc. cartón |
||
| 999 |
_c161003 _d161003 |
||